|
|
|
|
| LEADER |
00000nab a2200000 a 4500 |
| 001 |
vtls000613414 |
| 003 |
SK-MaSNL |
| 005 |
20260304094859.0 |
| 008 |
250425c1996 xo 0 slo |
| 015 |
|
|
|a SNBRB19rr/mm-uuuuu
|
| 035 |
|
|
|a CL0613553
|
| 035 |
|
|
|a urn:nbn:sk:snk-ab7cbd
|
| 035 |
|
|
|a (uuid)f35f0eed-3078-4d6f-996f-5714291033ce
|
| 035 |
|
|
|a (urnnbn)urn:nbn:sk:snk:ar-a07iva
|
| 035 |
|
|
|a (sysno)vtls000613414
|
| 040 |
|
|
|a SNKBUCL
|b slo
|c SNKBUCL
|e AACR2
|
| 041 |
0 |
|
|a slo
|
| 044 |
|
|
|a xo
|c SK
|
| 080 |
|
|
|a 77.04(437.6):061.4
|2 1981
|
| 080 |
|
|
|a 77.04(420)
|2 1981
|
| 080 |
|
|
|a 069.6.02
|2 1981
|
| 100 |
1 |
|
|a Haaková, Jitka,
|d 1943-
|4 aut
|9 114608
|
| 245 |
1 |
0 |
|a Konfrontácia slovenskej a britskej fotografie
|c Jitka Haaková
|
| 300 |
|
|
|b Fotogr. 7
|
| 650 |
0 |
7 |
|a umelecká fotografia
|2 snkbucl
|9 29370
|
| 655 |
|
7 |
|a články z novín a časopisov
|2 snkbucl
|9 267496
|
| 773 |
0 |
|
|t Fototip
|g Roč. 3, č. 2 (1996), s. 16-17
|x 1335-0773
|
| 850 |
|
|
|a Slovenská národná knižnica
|
| 852 |
|
|
|a Slovenská národná knižnica
|
| 954 |
|
|
|a odborná, vedecká literatúra pôvodná (slovenská)
|2 lita
|
| 958 |
|
|
|a article27
|
| 958 |
|
|
|a NX
|
| 958 |
|
|
|a SK
|
| 958 |
|
|
|a GB
|
| 958 |
|
|
|a RK
|
| 958 |
|
|
|a OND
|
| 958 |
|
|
|a EUIPO
|
| 999 |
|
|
|c 2829456
|d 2831386
|